Statistics for Every Europa Conference League Goalscorer (2021/22)

Click here to take the quiz!

General Stats

  • This quiz has been taken 6 times
  • The average score is 22 of 221

Answer Stats

Answer% Correct
Nicolò Zaniolo
83%
Tammy Abraham
83%
Chris Smalling
67%
Eran Zahavi
67%
Harry Kane
67%
Harvey Barnes
67%
James Maddison
67%
Lorenzo Pellegrini
67%
Lucas Moura
67%
Patson Daka
67%
Son Heung-min
67%
Wilfred Ndidi
67%
Alhaji Kamara
50%
Arkadiusz Milik
50%
Carles Pérez
50%
Dele Alli
50%
Kelechi Iheanacho
50%
Pierre-Emile Højbjerg
50%
Ricardo Pereira
50%
Wesley Fofana
50%
Andrija Živković
33%
Chuba Akpom
33%
Cody Gakpo
33%
Dimitri Payet
33%
Gerson
33%
Gianluca Mancini
33%
Giovani Lo Celso
33%
José Ángel Crespo
33%
Kiernan Dewsbury-Hall
33%
Mario Götze
33%
Max Kruse
33%
Roger Ibañez
33%
Sérgio Oliveira
33%
Stefan Schwab
33%
Stephan El Shaarawy
33%
Vieirinha
33%
Adam Hložek
17%
Alexandru Mitriță
17%
Arthur Cabral
17%
Atomu Tanaka
17%
Borja Mayoral
17%
Cengiz Ünder
17%
Christopher Trimmel
17%
Dean David
17%
Dimitris Pelkas
17%
Enea Mihaj
17%
Filip Valenčič
17%
Ibrahim Traoré
17%
Jasmin Kurtić
17%
Jonas Wind
17%
Julian Ryerson
17%
Kevin Behrens
17%
Konrad de la Fuente
17%
Marc Albrighton
17%
Matteo Guendouzi
17%
Maximilian Wittek
17%
Omar El Kaddouri
17%
Patrick Berg
17%
Riku Riski
17%
Roope Riski
17%
Taiwo Awoniyi
17%
Tarik Tissoudali
17%
Vangelis Pavlidis
17%
Abbas Huseynov
0%
Abdellah Zoubir
0%
Adrian Grbić
0%
Albert Guðmundsson
0%
Aleksandar Čavrić
0%
Aleksandar Glišić
0%
Alexander Bah
0%
Alexander Schmidt
0%
Alfons Sampsted
0%
Alireza Jahanbakhsh
0%
Allahyar Sayyadmanesh
0%
Amadej Maroša
0%
Amahl Pellegrino
0%
Andreas Gruber
0%
Andreas Voglsammer
0%
Andre Green
0%
Andronikos Kakoullis
0%
Anthony Olusanya
0%
Artem Hromov
0%
Bamba Dieng
0%
Benjamin Bourigeaud
0%
Bibras Natkho
0%
Brandley Kuwas
0%
Bryan Linssen
0%
Christoph Monschein
0%
Ciprian Deac
0%
Claudiu Petrila
0%
Cyriel Dessers
0%
Daan Huisman
0%
Daizen Maeda
0%
Dan Biton
0%
Daniel Høegh
0%
Dan Ndoye
0%
Dario Marešić
0%
Darko Lemajić
0%
Dejan Boljević
0%
Demetris Christofi
0%
Denis Popović
0%
Eden Shamir
0%
Edon Zhegrova
0%
Enric Saborit
0%
Erik Botheim
0%
Eylon Almog
0%
Ezekiel Henty
0%
Ferdi Kadıoğlu
0%
Ferdy Druijf
0%
Flavien Tait
0%
Gabi Kanichowsky
0%
Gabriel Debeljuh
0%
Gaëtan Laborde
0%
Gianni Bruno
0%
Godsway Donyoh
0%
Graham Carey
0%
Håkon Evjen
0%
Hamza Čataković
0%
Hong Hyun-seok
0%
Hugo Vetlesen
0%
Husein Balić
0%
Ibrahima Wadji
0%
Ísak Bergmann Jóhannesson
0%
Ivan Schranz
0%
Jacob Rasmussen
0%
Jan Kuchta
0%
Jan Lecjaks
0%
Jens Stage
0%
Jens Toornstra
0%
Jesper Karlsson
0%
Joel Andersson
0%
Jordi Gómez
0%
Jordy Clasie
0%
José Embaló
0%
José Kanté
0%
Kady Borges
0%
Kamaldeen Sulemana
0%
Kamo Hovhannisyan
0%
Keito Nakamura
0%
Laurent Depoitre
0%
Lazar Marković
0%
Lazaros Christodoulopoulos
0%
Liam Millar
0%
Loïc Badé
0%
Loïs Openda
0%
Luis Sinisterra
0%
Lukas Lerager
0%
Lutsharel Geertruida
0%
Maksim Medvedev
0%
Marco Grüll
0%
Marco Rosa
0%
Marcos Senesi
0%
Marko Milovanović
0%
Martin Miller
0%
Matan Hozez
0%
Matúš Bero
0%
Mërgim Berisha
0%
Mert Hakan Yandaş
0%
Michael Lang
0%
Michal Ďuriš
0%
Miloš Deletić
0%
Miloš Kratochvíl
0%
Mitja Lotrič
0%
Nemanja Jović
0%
Noni Madueke
0%
Ola Solbakken
0%
Ondřej Lingr
0%
Orkun Kökçü
0%
Oscar Dorley
0%
Oussama Darfalou
0%
Pajtim Kasami
0%
Pape Gueye
0%
Patrick Andrade
0%
Pep Biel
0%
Peter Ankersen
0%
Peter Michorl
0%
Peter Olayinka
0%
Philipp Wiesinger
0%
Queensy Menig
0%
Ramil Sheydayev
0%
Rasmus Højlund
0%
Rauno Sappinen
0%
Reiss Nelson
0%
Ricardo Alves
0%
Ricardo Gomes
0%
Ritsu Dōan
0%
Roy Chipolina
0%
Runar Espejord
0%
Samuel Mráz
0%
Sascha Horvath
0%
Sebastiano Esposito
0%
Sergei Zenjov
0%
Serhou Guirassy
0%
Shahab Zahedi
0%
Sidcley
0%
Simon Graves Jensen
0%
Simon Piesinger
0%
Slobodan Urošević
0%
Sondre Brunstad Fet
0%
Sondre Tronstad
0%
Stephen Odey
0%
Stipe Perica
0%
Sven Kums
0%
Thijs Oosting
0%
Thomas Buitink
0%
Thomas Goiginger
0%
Tomáš Čvančara
0%
Tomáš Holeš
0%
Tomi Horvat
0%
Ulrik Saltnes
0%
Václav Pilař
0%
Vágner Love
0%
Valentin Rongier
0%
Vito Hammershøy-Mistrati
0%
William Bøving
0%
Yanic Wildschut
0%
Yehor Nazaryna
0%
Yira Sor
0%
Yorbe Vertessen
0%
Zakaria Aboukhlal
0%
Žiga Kous
0%

Score Distribution

Percentile by Number Answered

Percent of People with Each Score

Your Score History

You have not taken this quiz